000 00442cam a2200181 4500
001 D14584
008 090401t1970 xxu||||| |||| 00| 0 eng d
035 _a(Sirsi) u16679
041 _aeng
050 _a221
110 _aBible
_9105
245 4 _aThe New English Bible: Old Testament
260 _aOxford
_bOxford University Press/Cambridge Univer
_c1970
300 _a1364p. 23cm
350 _a2.5
942 _n0
948 _c04/03/1997
999 _c87446
_d87446